00835cam a22002297a 4500020003000000020003300030020003100063020003400094040000800128082002600136245004300162246002400205260004500229300005000274500002000324650001200344700002000356710002500376856006800401856006800469856006800537 a0078681707 (student text) a9780078681707 (student text) a0078681715 (teacher's ed.) a9780078681714 (teacher's ed.) cSDB00a512 GLE 2006 A030 Or.00aAlgebra :bconcepts and applications /1 aGlencoe mathematics aNew York :bGlencoe/McGraw Hill,cc2006. axxiv, 834 p. :bill. (chiefly col.) ;c26 cm. aIncludes index. 0aAlgebra1 aCummins, Jerry.2 aGlencoe/McGraw-Hill.42uhttp://www.loc.gov/catdir/enhancements/fy0737/2007298064-b.html42uhttp://www.loc.gov/catdir/enhancements/fy0737/2007298064-d.html41uhttp://www.loc.gov/catdir/enhancements/fy0737/2007298064-t.html